000 01364nam a2200313 a 4500
001 BRCA_3178
005 20190320204141.0
008 130209s1652----enk#---###---#000-0#eng-u
041 _aenk
044 _aeng
084 _a479
_b.H634
_c1652
100 1 _aCervantes Saavedra, Miguel de
_d1547-1616
_9213
245 1 0 _aThe History of the Valorous and Witty-Errant Don Quixote of the Mancha
_cMiguel de Cervantes Saavedra.
260 _aLondres
_bHodgkinsonne
_c1652
300 _a1 v. (en varias paginaciones)
_c29 cm.
500 _aContenido : Primera parte. Dedicatoria de Shelton a Lord Walden. Prólogo del autor. Versos preliminares. Texto. Segunda parte. Texto
500 _aEdición : Trasleted out the spanish by Shelton. Now newly corrected and amended
500 _aTercera edición de Shelton, segunda de ambas partes, revisada y corregida. Piel; lomera adornada con dorados Lúdovik Osterc
500 _aQM399
546 _aTexto en : inglés
650 1 4 _aNovela española
_yÉpoca clásica, 1500-1700
_9215
650 1 4 _aLiteratura española
_yÉpoca clásica, 1500-1700
_9216
650 1 4 _aNovela española
_ySiglo XVII
_9217
650 1 4 _aDon Quijote (Personaje ficticio)
_eNovela
_9218
700 1 _aShelton, Thomas
_d?-1626
_eTraductor
_98550
740 0 _aEl Ingenioso Hidalgo Don Quijote de la Mancha
902 _aQFM
942 _2lcc
_cB
999 _c2914
_d2914